000 00740nam a2200265 a 4500
003 AR-BaBNM
005 20251128210120.0
008 082120s2002 ||||||||||||||000 | spa||
020 _a958-04-3944-3
040 _cAR-BaBNM
100 1 _aTriana, María del Carmen
245 0 0 _aAncestros
260 _aSantafé de Bogotá
_bNorma
_c1997
300 _a50 p.
_bil.
490 0 _aTorre de papel. Torre amarilla
_vv. 28
500 _aSe recomienda para niños a partir de 11 años
650 4 _aLITERATURA INFANTIL
650 4 _aLIBROS PARA NIÑOS
650 4 _aLITERATURA LATINOAMERICANA
653 _aLITERATURA CUBANA
655 _aLITERATURA
700 1 _aRodríguez, Patricia
_eilustrador
942 _cBK
998 _cMARTIN
999 _c14109
_d14109